| 000 | 00724nam a2200133Ia 4500 | ||
|---|---|---|---|
| 008 | 100328s9999 xx 000 0 und d | ||
| 082 | _b65835 | ||
| 100 | _aबोदडे अण्णा. | ||
| 245 | _aमहाराष्ट्राचे मुख्यमंत्री-शिवाजीराव पाटील निलंगेकर. | ||
| 260 | _bअविष्कार. | ||
| 630 | _aमहाराष्ट्राचे मुख्यमंत्री-शिवाजीराव पाटील निलंगेकर. | ||
| 730 | _aमहाराष्ट्राचे मुख्यमंत्री-शिवाजीराव पाटील निलंगेकर. | ||
| 942 | _cBOOK | ||
| 999 |
_c551580 _d551577 |
||